| 000 | 00834nam a22002415a 4500 | ||
|---|---|---|---|
| 003 | OSt | ||
| 005 | 20161124124652.0 | ||
| 008 | 161124s2001 ua frb 000 0 ara d | ||
| 015 | _a2001/15236 | ||
| 020 | _a9772413752 | ||
| 040 |
_aEG-ScBUE _bara _cEG-ScBUE |
||
| 082 | 0 | 4 |
_a341 _bع ت ل _222 |
| 100 | 1 | _aعتلم، حازم محمد. | |
| 245 | 1 | 0 |
_aأصول القانون الدولي العام / _cحازم محمد عتلم. |
| 260 |
_aالقاهرة : _bدار النهضة العربية، _c2001. |
||
| 300 |
_a384 ص. ؛ _c24 سم. |
||
| 504 | _aيشتمل على إرجاعات ببليوجرافية. | ||
| 505 | 2 | _aالقسم الثاني. أشخاص القانون الدولي. | |
| 650 | 7 |
_aالقانون الدولي العام. _2BUEsh |
|
| 651 | _2BUEsh | ||
| 653 |
_bLLAAWW _cNovember2016 |
||
| 942 | _2ddc | ||
| 999 |
_c23321 _d23293 |
||